| 000 | 01000nam2a22002771 4500 | ||
|---|---|---|---|
| 001 | rc\3504695 | ||
| 005 | 20240507134924.0 | ||
| 021 |
_aRU _b[74-33890] |
||
| 035 | _a(NLR Aleph) 007654580 | ||
| 090 |
_a6265343 _c6265343 |
||
| 100 | _a20130115d1974 |||y0rusy50 ca | ||
| 101 | 0 | _arus | |
| 102 | _aRU | ||
| 105 | _ay z ||||| | ||
| 200 | 0 |
_a1969-1973 гг. _f[Сост. Драгунова Н.И., Безвиконная М.Е.] |
|
| 210 | _d1974 | ||
| 215 | _a12 с. | ||
| 461 | 0 |
_1001rc\3504694 _12001#$aБиблиографический указатель литературы по общественно-политическому практикуму$fОм. с.-х. ин-т им. С.М. Кирова. Метод. кабинет$v1969-1973 гг. |
|
| 702 | 1 |
_aДрагунова _bН. И. _4220 |
|
| 702 | 1 |
_aБезвиконная _bМ. Е. _4220 |
|
| 801 | 0 |
_aRU _bNLR _gpsbo |
|
| 801 | 1 |
_aRU _bELAR _2rusmarc |
|
| 852 |
_aNLR _jс879-660/Б-59 |
||
| 942 | _cBOOK | ||
| 980 | _aNB | ||